[Event "Verbandsliga Nordbaden 2223"]
[Site "Germany"]
[Date "2023.05.07"]
[Round "9.1"]
[White "Sulzbach, Sven"]
[Black "Inhoven, Stefan"]
[Result "1-0"]
[WhiteElo "2195"]
[BlackElo "2098"]
[PlyCount "83"]
[EventDate "2022.09.25"]
[EventType "team-tourn"]
[EventRounds "9"]
[EventCountry "GER"]
[SourceTitle "EXT 2024"]
[Source "ChessBase"]
[SourceDate "2023.10.10"]
[SourceVersion "1"]
[SourceVersionDate "2023.10.10"]
[SourceQuality "1"]
[WhiteTeam "Lindenhof"]
[BlackTeam "Weinheim"]
[WhiteTeamCountry "GER"]
[BlackTeamCountry "GER"]

1. d4 d5 2. c4 dxc4 3. e3 e6 4. Bxc4 Nf6 5. Nf3 c5 6. 0-0 a6 7. Qe2 b5 8. Bb3 Bb7 9. a4 c4 10. Bc2 Nbd7 11. e4 Be7 12. Bg5 h6 13. Bf4 Nb6 14. Nbd2 Nxa4 15. Bxa4 bxa4 16. Rfc1 Bc6 17. Qe3 0-0 18. h3 Rc8 19. Ne5 Bb5 20. Rc2 Bd6 21. Rac1 Bxe5 22. dxe5 Nh5 23. Bh2 g5 24. Nf1 Qe7 25. Qf3 Ng7 26. Ne3 h5 27. Qf6 Rc7 28. h4 gxh4 29. Bf4 Rd8 30. Qxe7 Rxe7 31. Bg5 Red7 32. Bxd8 Rxd8 33. Nxc4 Rb8 34. Nd6 Rb6 35. Rc8+ Kh7 36. Rd1 Kg6 37. Rf8 Bc6 38. Rd2 Be8 39. Kh2 Rb8 40. Kh3 Rb3+ 41. f3 a5 42. Kxh4 1-0

[Event "Verbandsliga Nordbaden 2223"]
[Site "Germany"]
[Date "2022.10.16"]
[Round "2.1"]
[White "Inhoven, Stefan"]
[Black "Krstulovic, Alex"]
[Result "0-1"]
[WhiteElo "2098"]
[BlackElo "2411"]
[PlyCount "54"]
[EventDate "2022.09.25"]
[EventType "team-tourn"]
[EventRounds "9"]
[EventCountry "GER"]
[SourceTitle "EXT 2024"]
[Source "ChessBase"]
[SourceDate "2023.10.10"]
[SourceVersion "1"]
[SourceVersionDate "2023.10.10"]
[SourceQuality "1"]
[WhiteTeam "Weinheim"]
[BlackTeam "Buchen II"]
[WhiteTeamCountry "GER"]
[BlackTeamCountry "GER"]

1. e4 c6 2. c4 d5 3. exd5 cxd5 4. cxd5 Nf6 5. Nc3 g6 6. Bc4 Bg7 7. Nf3 0-0 8. 0-0 a6 9. a4 b6 10. Qb3 Bb7 11. d4 Nbd7 12. Bf4 Nh5 13. Be5 Rc8 14. Rfe1 Ndf6 15. h3 Qd7 16. Nh2 Bh6 17. Ng4 Nxg4 18. hxg4 Nf6 19. d6 Nxg4 20. dxe7 Qxe7 21. Bd5 Bd2 22. Bxb7 Bxe1 23. Bxc8 Bxf2+ 24. Kf1 Rxc8 25. Nd5 Qe6 26. Qf3 Rc2 27. Nc7 Qc4+ 0-1

[Event "Verbandsliga Nordbaden 1617"]
[Site "Baden"]
[Date "2016.12.11"]
[Round "4.1"]
[White "Inhoven, Stefan"]
[Black "Buecker, Stefan"]
[Result "1-0"]
[WhiteElo "2074"]
[BlackElo "2295"]
[PlyCount "47"]
[EventDate "2016.10.09"]
[EventType "team-tourn"]
[EventRounds "9"]
[EventCountry "GER"]
[SourceTitle "EXT 2022"]
[Source "ChessBase"]
[SourceDate "2021.10.06"]
[SourceVersion "1"]
[SourceVersionDate "2021.10.06"]
[SourceQuality "1"]
[WhiteTeam "Karlsruhe II"]
[BlackTeam "Pforzheim"]
[WhiteTeamCountry "GER"]
[BlackTeamCountry "GER"]

1. Nf3 c5 2. d4 cxd4 3. c3 dxc3 4. Nxc3 a6 5. e4 b5 6. Bg5 h6 7. Bh4 Nc6 8. Be2 Nf6 9. e5 Nh5 10. Nd5 g5 11. Nd2 gxh4 12. Bxh5 Nxe5 13. Qc2 Ra7 14. Rc1 Bg7 15. Qxc8 Nd3+ 16. Ke2 Nxc1+ 17. Rxc1 Be5 18. f4 Bb8 19. Ne4 d6 20. Qg4 Bc7 21. Nef6+ Kf8 22. Nd7+ Ke8 23. Qe6 Rh7 24. N5f6# 1-0

[Event "Verbandsliga Nordbaden 1617"]
[Site "Baden"]
[Date "2016.11.20"]
[Round "3.1"]
[White "Schwalfenberg, Joerg"]
[Black "Inhoven, Stefan"]
[Result "1/2-1/2"]
[WhiteElo "2298"]
[BlackElo "2074"]
[PlyCount "51"]
[EventDate "2016.10.09"]
[EventType "team-tourn"]
[EventRounds "9"]
[EventCountry "GER"]
[SourceTitle "EXT 2022"]
[Source "ChessBase"]
[SourceDate "2021.10.06"]
[SourceVersion "1"]
[SourceVersionDate "2021.10.06"]
[SourceQuality "1"]
[WhiteTeam "Heidelberg"]
[BlackTeam "Karlsruhe II"]
[WhiteTeamCountry "GER"]
[BlackTeamCountry "GER"]

1. Nf3 Nf6 2. c4 c6 3. b3 d5 4. Bb2 g6 5. e3 Bg7 6. Be2 0-0 7. 0-0 Re8 8. d4 dxc4 9. bxc4 c5 10. d5 e6 11. Qb3 exd5 12. cxd5 b6 13. Nc3 Ne4 14. Rfd1 Nd6 15. Nd2 f5 16. Nc4 Ba6 17. Nxd6 Bxe2 18. Nxe8 Bxd1 19. Rxd1 Qxe8 20. Nb5 Qf7 21. Bxg7 Kxg7 22. Qb2+ Kg8 23. Qe5 Nd7 24. Qc7 Nf8 25. d6 Qd7 26. a4 1/2-1/2

[Event "Verbandsliga Nordbaden 1617"]
[Site "Baden"]
[Date "2016.10.23"]
[Round "2.1"]
[White "Inhoven, Stefan"]
[Black "Dudek, Richard"]
[Result "0-1"]
[WhiteElo "2074"]
[BlackElo "2227"]
[PlyCount "76"]
[EventDate "2016.10.09"]
[EventType "team-tourn"]
[EventRounds "9"]
[EventCountry "GER"]
[SourceTitle "EXT 2022"]
[Source "ChessBase"]
[SourceDate "2021.10.06"]
[SourceVersion "1"]
[SourceVersionDate "2021.10.06"]
[SourceQuality "1"]
[WhiteTeam "Karlsruhe II"]
[BlackTeam "Eppingen II"]
[WhiteTeamCountry "GER"]
[BlackTeamCountry "GER"]

1. e4 c6 2. d4 d5 3. e5 Bf5 4. b4 e6 5. c3 a5 6. b5 Ne7 7. a4 Nc8 8. g4 Be4 9. Nf3 h5 10. Nbd2 Bg6 11. g5 h4 12. Qe2 Ne7 13. Ba3 Nd7 14. Bxe7 Bxe7 15. Qe3 c5 16. Rg1 Rc8 17. Bd3 cxd4 18. cxd4 Bxd3 19. Qxd3 g6 20. Ke2 Nb6 21. h3 Bb4 22. Nb1 Qc7 23. Ra2 Ke7 24. Nfd2 Bxd2 25. Nxd2 Qc3 26. Nb3 Qb4 27. Nc5 Rc7 28. Rg4 Nd7 29. Qb3 Qxb3 30. Nxb3 Rc3 31. Nxa5 Rxh3 32. Nxb7 Rh1 33. Ra3 h3 34. Rgg3 Rh5 35. Nd6 h2 36. Rh3 Rb1 37. Rxh5 gxh5 38. Rf3 Rb2+ 0-1

[Event "Verbandsliga Nordbaden 1617"]
[Site "Baden"]
[Date "2016.10.09"]
[Round "1.1"]
[White "Inhoven, Stefan"]
[Black "Pfrommer, Christoph"]
[Result "1/2-1/2"]
[WhiteElo "2074"]
[BlackElo "2310"]
[PlyCount "45"]
[EventDate "2016.10.09"]
[EventType "team-tourn"]
[EventRounds "9"]
[EventCountry "GER"]
[SourceTitle "EXT 2022"]
[Source "ChessBase"]
[SourceDate "2021.10.06"]
[SourceVersion "1"]
[SourceVersionDate "2021.10.06"]
[SourceQuality "1"]
[WhiteTeam "Karlsruhe II"]
[BlackTeam "Karlsruhe"]
[WhiteTeamCountry "GER"]
[BlackTeamCountry "GER"]

1. d4 d5 2. Nf3 Nf6 3. e3 e6 4. Nbd2 c5 5. c3 Nc6 6. Bd3 Bd6 7. 0-0 0-0 8. dxc5 Bxc5 9. b4 Bd6 10. Bb2 Bd7 11. a3 a5 12. b5 Ne5 13. Nxe5 Bxe5 14. Nf3 Bd6 15. c4 dxc4 16. Bxc4 Qe7 17. Qd4 Rfd8 18. Rfd1 Be8 19. Qh4 Rac8 20. a4 Nd7 21. Qd4 Nf6 22. Qh4 Nd7 23. Qd4 1/2-1/2

[Event "Berlin Kreuzberg op"]
[Site "Berlin"]
[Date "2015.07.15"]
[Round "5"]
[White "Kopisch, Martin"]
[Black "Inhoven, Stefan"]
[Result "1-0"]
[WhiteElo "2139"]
[BlackElo "2080"]
[PlyCount "129"]
[EventDate "2015.07.11"]
[EventType "swiss"]
[EventRounds "9"]
[EventCountry "GER"]
[SourceTitle "CBM 167 Extra"]
[Source "ChessBase"]
[SourceDate "2015.09.14"]
[SourceVersion "1"]
[SourceVersionDate "2015.09.14"]
[SourceQuality "1"]

1. d4 g6 2. g3 Bg7 3. Bg2 c5 4. d5 d6 5. c4 Qa5+ 6. Bd2 Qa6 7. Qb3 Nh6 8. Bc3 f6 9. a4 Nf5 10. Nf3 Nd7 11. e4 Nh6 12. 0-0 0-0 13. Nbd2 Qb6 14. Qc2 Nb8 15. Ne1 Na6 16. Nd3 Ng4 17. a5 Qc7 18. h3 Ne5 19. Ne1 Nf7 20. f4 f5 21. Bxg7 Kxg7 22. Qc3+ Kg8 23. exf5 Bxf5 24. g4 Bd7 25. Nd3 Rae8 26. Ne4 h6 27. Rae1 Kh7 28. Re2 b6 29. axb6 Qxb6 30. f5 gxf5 31. gxf5 Rg8 32. Kh2 Nb4 33. f6 e5 34. Nxb4 cxb4 35. Qd3 Kh8 36. b3 Ref8 37. Re3 Qa6 38. Qe2 Qb6 39. Rff3 Rg6 40. Rg3 Rfg8 41. Rxg6 Rxg6 42. Qf3 Qd4 43. Rd3 Qb2 44. Rd2 Qb1 45. Rf2 Kh7 46. Bf1 Qe1 47. Qe2 Qb1 48. Bg2 Kg8 49. Nd2 Qa1 50. Rf1 Qd4 51. Be4 Rg5 52. Nf3 Qc3 53. Nxg5 Nxg5 54. f7+ Kf8 55. Bg2 e4 56. h4 Qe5+ 57. Kh1 Nxf7 58. Qxe4 Qg3 59. Qf4 Qxf4 60. Rxf4 Ke7 61. Rf1 Ne5 62. Ra1 Bf5 63. Rxa7+ Kf6 64. Rb7 Nd3 65. Bf1 1-0

[Event "Politiken Cup 36th"]
[Site "Helsingor"]
[Date "2014.07.22"]
[Round "2"]
[White "Zude, Erik"]
[Black "Inhoven, Stefan"]
[Result "1-0"]
[WhiteElo "2381"]
[BlackElo "2124"]
[PlyCount "87"]
[EventDate "2014.07.21"]
[EventType "swiss"]
[EventRounds "10"]
[EventCountry "DEN"]
[SourceTitle "CBM 161 Extra"]
[Source "ChessBase"]
[SourceDate "2014.08.29"]
[SourceVersion "1"]
[SourceVersionDate "2014.08.29"]
[SourceQuality "1"]

1. d4 e6 2. c4 Bb4+ 3. Bd2 a5 4. Nc3 Nf6 5. e4 Bxc3 6. bxc3 Nxe4 7. Qg4 Nxd2 8. Qxg7 Ke7 9. Qg5+ Ke8 10. Qxd2 Qf6 11. Ne2 b6 12. Qf4 Qxf4 13. Nxf4 d6 14. Bd3 Bb7 15. f3 Nd7 16. Kf2 Kf8 17. Nh5 Re8 18. Rhe1 Ba6 19. Bf1 Rg8 20. f4 Rg6 21. h3 Nf6 22. Ng3 h5 23. f5 Rg5 24. fxe6 fxe6 25. Ne4 Rf5+ 26. Kg1 h4 27. Nxf6 Rxf6 28. Re4 Rh6 29. c5 Bxf1 30. Rxf1+ Ke7 31. cxb6 cxb6 32. Rb1 Rb8 33. c4 Kd7 34. a4 Rc8 35. Rxb6 Rxc4 36. Rg4 Rh7 37. Ra6 Rc2 38. Rg6 Rc7 39. d5 Re7 40. Kh2 Rc5 41. dxe6+ Kc7 42. Ra7+ Kc8 43. Rg8+ Re8 44. Rxe8# 1-0

[Event "Politiken Cup 34th"]
[Site "Helsingor"]
[Date "2012.08.03"]
[Round "8"]
[White "Hinrichs, Jan"]
[Black "Inhoven, Stefan"]
[Result "0-1"]
[WhiteElo "2008"]
[BlackElo "2140"]
[PlyCount "66"]
[EventDate "2012.07.28"]
[EventType "swiss"]
[EventRounds "10"]
[EventCountry "DEN"]
[SourceTitle "CBM 149 Extra"]
[Source "ChessBase"]
[SourceDate "2012.08.24"]
[SourceVersion "1"]
[SourceVersionDate "2012.08.24"]
[SourceQuality "1"]

1. e4 e6 2. d4 d5 3. Nc3 Nc6 4. e5 Nge7 5. Nge2 Nf5 6. g4 Nh4 7. f4 h5 8. g5 g6 9. Bh3 b6 10. 0-0 Ba6 11. Rf2 Ne7 12. b4 Bc4 13. Ng3 Qc8 14. Be3 a5 15. b5 a4 16. Rb1 Qd7 17. Qd2 Nc8 18. Bf1 Bxf1 19. Rfxf1 Ne7 20. Rb4 Nef5 21. Rxa4 Rxa4 22. Nxa4 Qxb5 23. Nc3 Qc4 24. a3 Bxa3 25. Nxf5 Nxf5 26. Ra1 Bb2 27. Ra8+ Kd7 28. Rxh8 Bxc3 29. Qd3 Nxe3 30. Rf8 Ke7 31. Rc8 Bxd4 32. Qa3+ Kd7 33. Qf8 Qf1# 0-1

[Event "Politiken Cup 34th"]
[Site "Helsingor"]
[Date "2012.08.01"]
[Round "6"]
[White "Tandrup, Michael"]
[Black "Inhoven, Stefan"]
[Result "1/2-1/2"]
[WhiteElo "1955"]
[BlackElo "2140"]
[PlyCount "51"]
[EventDate "2012.07.28"]
[EventType "swiss"]
[EventRounds "10"]
[EventCountry "DEN"]
[SourceTitle "CBM 149 Extra"]
[Source "ChessBase"]
[SourceDate "2012.08.24"]
[SourceVersion "1"]
[SourceVersionDate "2012.08.24"]
[SourceQuality "1"]

1. d4 e6 2. g3 c5 3. c3 Nf6 4. Bg2 Nc6 5. Nf3 b6 6. Bg5 h6 7. Bxf6 Qxf6 8. Ne5 Bb7 9. Nxc6 dxc6 10. e3 e5 11. dxe5 Qxe5 12. Nd2 0-0-0 13. Qa4 Kb8 14. 0-0-0 Qe6 15. Qb3 Qf5 16. f4 Qg6 17. Nc4 Bd6 18. Rxd6 Rxd6 19. Nxd6 Qxd6 20. Rd1 Qe7 21. e4 Bc8 22. e5 Bd7 23. Rd6 Rc8 24. Qa4 Qe8 25. Qd1 Kc7 26. Rxd7+ 1/2-1/2

[Event "Politiken Cup 34th"]
[Site "Helsingor"]
[Date "2012.07.28"]
[Round "1"]
[White "Inhoven, Stefan"]
[Black "Satre, Mathias"]
[Result "1-0"]
[WhiteElo "2140"]
[BlackElo "1722"]
[PlyCount "65"]
[EventDate "2012.07.28"]
[EventType "swiss"]
[EventRounds "10"]
[EventCountry "DEN"]
[SourceTitle "CBM 149 Extra"]
[Source "ChessBase"]
[SourceDate "2012.08.24"]
[SourceVersion "1"]
[SourceVersionDate "2012.08.24"]
[SourceQuality "1"]

1. c4 e5 2. g3 Nc6 3. Bg2 g6 4. Nc3 Bg7 5. e4 d6 6. Nge2 Be6 7. d3 Qd7 8. Nd5 Nce7 9. h4 c6 10. Nxe7 Nxe7 11. h5 gxh5 12. Be3 c5 13. Rxh5 0-0-0 14. Qd2 f5 15. Bg5 Rdf8 16. Bxe7 Qxe7 17. Nc3 f4 18. 0-0-0 Qd7 19. Rdh1 fxg3 20. fxg3 Bf6 21. Kb1 Qg7 22. Bh3 Bxh3 23. R1xh3 Kb8 24. Qh6 Rfg8 25. Rf5 Be7 26. Qe6 Qg4 27. Rhh5 Re8 28. Kc2 Qg6 29. Qd7 Rhf8 30. Rxf8 Bxf8 31. Rxh7 Be7 32. Rxe7 Rxe7 33. Qd8# 1-0

[Event "Verbandsliga Nord Baden 1112"]
[Site "Germany"]
[Date "2012.01.29"]
[Round "5.3"]
[White "Nippgen, Georg"]
[Black "Inhoven, Stefan"]
[Result "1-0"]
[WhiteElo "2234"]
[BlackElo "2140"]
[PlyCount "41"]
[EventDate "2011.10.09"]
[EventType "team-tourn"]
[EventRounds "9"]
[EventCountry "GER"]
[SourceTitle "EXT 2013"]
[Source "ChessBase"]
[SourceDate "2012.11.22"]
[SourceVersion "1"]
[SourceVersionDate "2012.11.22"]
[SourceQuality "1"]
[WhiteTeam "Heidelberg"]
[BlackTeam "Leimen"]
[WhiteTeamCountry "GER"]
[BlackTeamCountry "GER"]

1. Nf3 c5 2. g3 d5 3. Bg2 Nc6 4. d4 Nf6 5. 0-0 e6 6. c4 dxc4 7. Qa4 Bd7 8. Qxc4 Qb6 9. dxc5 Qxc5 10. Na3 Rc8 11. Bg5 Qb6 12. Bxf6 gxf6 13. Qh4 Qd8 14. Rfd1 f5 15. Qf4 Bxa3 16. bxa3 Qe7 17. Qh6 Qf8 18. Qf6 Rg8 19. e4 fxe4 20. Ng5 Rg6 21. Qxf7+ 1-0

[Event "Baden-ch op"]
[Site "Badenweiler"]
[Date "2009.06.04"]
[Round "5"]
[White "Inhoven, Stefan"]
[Black "Schneider, Bernd2222"]
[Result "1-0"]
[WhiteElo "2121"]
[BlackElo "2300"]
[PlyCount "117"]
[EventDate "2009.06.01"]
[EventType "swiss"]
[EventRounds "9"]
[EventCountry "GER"]
[SourceTitle "EXT 2010"]
[Source "ChessBase"]
[SourceDate "2010.11.25"]
[SourceVersion "1"]
[SourceVersionDate "2010.11.25"]
[SourceQuality "1"]

1. Nf3 c5 2. c3 Nf6 3. d4 e6 4. Bf4 Nc6 5. e3 Be7 6. h3 0-0 7. Nbd2 cxd4 8. exd4 b6 9. Bd3 Bb7 10. Qe2 a6 11. 0-0 d6 12. Rfe1 Re8 13. Rad1 b5 14. Ne4 Na5 15. Bc1 Qc7 16. Nxf6+ Bxf6 17. Ng5 g6 18. Qg4 Bg7 19. Qh4 h6 20. Ne4 Bxe4 21. Bxe4 d5 22. Bd3 Qe7 23. Qxe7 Rxe7 24. a3 Rb7 25. Bf4 Rc8 26. Be5 Bf8 27. Bf6 Nc4 28. Bxc4 Rxc4 29. Ra1 a5 30. Bd8 Ra7 31. Bf6 Ra8 32. Ra2 Rb8 33. Rea1 Kh7 34. h4 Bg7 35. Be7 Rb7 36. Bd8 Ra7 37. Bb6 Ra6 38. Bc5 e5 39. a4 b4 40. cxb4 axb4 41. b3 Rc3 42. Rb1 Rd3 43. dxe5 Bxe5 44. Bxb4 Rb6 45. Rd2 Rd4 46. Rxd4 Bxd4 47. Bd2 Rf6 48. Be3 Bc3 49. Bc5 d4 50. Rd1 Ra6 51. Rd3 Bb2 52. Kf1 Ra5 53. Bb4 Re5 54. Bd2 Rc5 55. Ke2 h5 56. b4 Re5+ 57. Kf1 Re4 58. g3 Bc3 59. f3 1-0

[Event "Baden-ch op"]
[Site "Badenweiler"]
[Date "2009.06.03"]
[Round "3"]
[White "Inhoven, Stefan"]
[Black "Haag, Gregor"]
[Result "1-0"]
[WhiteElo "2121"]
[BlackElo "1943"]
[PlyCount "29"]
[EventDate "2009.06.01"]
[EventType "swiss"]
[EventRounds "9"]
[EventCountry "GER"]
[SourceTitle "EXT 2010"]
[Source "ChessBase"]
[SourceDate "2010.11.25"]
[SourceVersion "1"]
[SourceVersionDate "2010.11.25"]
[SourceQuality "1"]

1. Nf3 c5 2. c3 Nc6 3. d4 e6 4. Bf4 d5 5. e3 Nf6 6. Nbd2 Be7 7. Ne5 Bd7 8. Bd3 0-0 9. h3 c4 10. Bc2 b5 11. a3 a5 12. g4 g6 13. Bh6 Re8 14. Qf3 Bf8 15. Bg5 1-0

[Event "Pfalz op 2nd"]
[Site "Neustadt an der Weinstrasse"]
[Date "2009.02.15"]
[Round "1"]
[White "Inhoven, Stefan"]
[Black "Epishin, Vladimir"]
[Result "0-1"]
[WhiteElo "2136"]
[BlackElo "2587"]
[PlyCount "132"]
[EventDate "2009.02.15"]
[EventType "swiss"]
[EventRounds "9"]
[EventCountry "GER"]
[SourceTitle "CBM 128 Extra"]
[Source "ChessBase"]
[SourceDate "2009.03.05"]
[SourceVersion "2"]
[SourceVersionDate "2009.03.25"]
[SourceQuality "1"]

1. Nf3 g6 2. e4 d5 3. exd5 Qxd5 4. d4 Nf6 5. Nc3 Qd6 6. Ne5 Bg7 7. Be2 0-0 8. Bf4 Nd5 9. Nxd5 Qxd5 10. 0-0 c5 11. dxc5 Qxc5 12. Nd3 Qf5 13. Qc1 Re8 14. Bh6 Bf6 15. Qf4 Nc6 16. c3 e5 17. Qxf5 Bxf5 18. Be3 h5 19. Rfd1 b6 20. Ne1 Rac8 21. Bb5 Kg7 22. Rd6 Re6 23. Rd7 Re7 24. Rxe7 Bxe7 25. Rd1 Be6 26. a4 Na5 27. Nf3 f6 28. Nd2 Rd8 29. Be2 f5 30. f3 g5 31. Kf1 Nb7 32. b4 Rc8 33. Nb1 Rc7 34. Re1 Nd6 35. Ba6 Kf6 36. Ke2 f4 37. Bf2 Bd7 38. a5 bxa5 39. bxa5 Ke6 40. Bd3 g4 41. Nd2 Rxc3 42. Bxa7 Ra3 43. Nc4 Ra4 44. Nxd6 Bxd6 45. Bb6 Bb4 46. Bc4+ Kf6 47. Rd1 Be6 48. Bd8+ Be7 49. Bxe6 Kxe6 50. Bxe7 Kxe7 51. Rd5 Ke6 52. Rb5 Ra2+ 53. Kf1 g3 54. hxg3 fxg3 55. Rb1 Rxa5 56. Rd1 Ra2 57. Kg1 h4 58. Kh1 Re2 59. Kg1 Kf5 60. Kf1 Ra2 61. Re1 Ra4 62. Kg1 Kf4 63. Rf1 Rd4 64. Kh1 Ke3 65. Re1+ Kf2 66. Ra1 Ke2 0-1

[Event "Verbandsliga Nord Baden 0809"]
[Site "Germany"]
[Date "2009.01.11"]
[Round "5.4"]
[White "Friedel, Marcus"]
[Black "Inhoven, Stefan"]
[Result "1-0"]
[WhiteElo "2133"]
[BlackElo "2136"]
[PlyCount "53"]
[EventDate "2008.09.28"]
[EventType "team"]
[EventRounds "9"]
[EventCountry "GER"]
[SourceTitle "EXT 2010"]
[Source "ChessBase"]
[SourceDate "2010.11.25"]
[SourceVersion "1"]
[SourceVersionDate "2010.11.25"]
[SourceQuality "1"]
[WhiteTeam "Ettlingen"]
[BlackTeam "Ladenburg"]
[WhiteTeamCountry "GER"]
[BlackTeamCountry "GER"]

1. e4 d5 2. exd5 Qxd5 3. Nc3 Qa5 4. d4 Nf6 5. Nf3 Bf5 6. Bc4 e6 7. Bd2 c6 8. Ne4 Qd8 9. Ng3 Bg4 10. c3 Bd6 11. h3 Bxf3 12. Qxf3 Nbd7 13. Bb3 0-0 14. 0-0 Qc7 15. Rad1 Rad8 16. Ne4 Nxe4 17. Qxe4 Nf6 18. Qf3 Rfe8 19. Rfe1 Qa5 20. c4 Bb4 21. Re5 Qb6 22. c5 Qb5 23. Bg5 Nd5 24. Bxd8 Rxd8 25. Bxd5 Rxd5 26. Rxd5 cxd5 27. Qf4 1-0

[Event "Verbandsliga Nord Baden 0809"]
[Site "Germany"]
[Date "2008.09.28"]
[Round "1.2"]
[White "Inhoven, Stefan"]
[Black "Hess, Markus"]
[Result "1/2-1/2"]
[WhiteElo "2136"]
[BlackElo "2190"]
[PlyCount "65"]
[EventDate "2008.09.28"]
[EventType "team"]
[EventRounds "9"]
[EventCountry "GER"]
[SourceTitle "EXT 2010"]
[Source "ChessBase"]
[SourceDate "2010.11.25"]
[SourceVersion "1"]
[SourceVersionDate "2010.11.25"]
[SourceQuality "1"]
[WhiteTeam "Ladenburg II"]
[BlackTeam "Ladenburg"]
[WhiteTeamCountry "GER"]
[BlackTeamCountry "GER"]

1. d4 c5 2. d5 Nf6 3. c4 b5 4. cxb5 a6 5. bxa6 Bxa6 6. Nc3 d6 7. e4 Bxf1 8. Kxf1 g6 9. Nf3 Bg7 10. g3 0-0 11. Kg2 Nbd7 12. Re1 Qa5 13. h3 Rfb8 14. e5 Nxe5 15. Nxe5 dxe5 16. Rxe5 Rb7 17. Qe2 Qa7 18. Bg5 h6 19. Bxf6 Bxf6 20. Re3 Qb6 21. b3 Bd4 22. Rf3 Ra3 23. Qc4 Qb4 24. Rc1 Qxc4 25. bxc4 Rb2 26. Ne2 Raxa2 27. Nxd4 cxd4 28. Rd1 Rd2 29. Rxd2 Rxd2 30. c5 Rc2 31. Rd3 Rxc5 32. Rxd4 Kg7 33. d6 1/2-1/2

[Event "Politiken Cup 30th"]
[Site "Helsingor"]
[Date "2008.07.24"]
[Round "7"]
[White "Inhoven, Stefan"]
[Black "Carstensen, Jacob"]
[Result "0-1"]
[WhiteElo "2124"]
[BlackElo "2309"]
[PlyCount "72"]
[EventDate "2008.07.19"]
[EventType "swiss"]
[EventRounds "10"]
[EventCountry "DEN"]
[SourceTitle "CBM 125 Extra"]
[Source "ChessBase"]
[SourceDate "2008.09.01"]
[SourceVersion "1"]
[SourceVersionDate "2008.09.01"]
[SourceQuality "1"]

1. Nf3 d5 2. d4 Nf6 3. Bf4 c5 4. c3 e6 5. e3 Nc6 6. Nbd2 Nh5 7. Bg5 f6 8. Bh4 g6 9. Be2 Ng7 10. g4 Bd6 11. Nb3 c4 12. Nbd2 b5 13. e4 0-0 14. e5 Be7 15. Bg3 f5 16. h3 b4 17. cxb4 f4 18. b5 Nxd4 19. Nxd4 fxg3 20. fxg3 Bh4 21. Nf1 Qa5+ 22. Qd2 Rxf1+ 23. Rxf1 Bxg3+ 24. Kd1 Qc7 25. Nc6 Bb7 26. Qe3 Bh2 27. Rh1 Bxc6 28. Rxh2 d4 29. Qg3 Bxb5 30. Rc1 d3 31. Bf3 Rf8 32. a3 Qc5 33. Kd2 Qd4 34. Rc3 Ba4 35. h4 Rb8 36. b4 a5 0-1

[Event "Verbandsliga Nord Baden 0708"]
[Site "Germany"]
[Date "2007.10.28"]
[Round "2.3"]
[White "Belica, Matej"]
[Black "Inhoven, Stefan"]
[Result "0-1"]
[WhiteElo "2095"]
[BlackElo "2157"]
[PlyCount "68"]
[EventDate "2007.10.14"]
[EventType "team"]
[EventRounds "9"]
[EventCountry "GER"]
[SourceTitle "EXT 2009"]
[Source "ChessBase"]
[SourceDate "2008.11.26"]
[SourceVersion "1"]
[SourceVersionDate "2008.11.26"]
[SourceQuality "1"]
[WhiteTeam "Lindenhof"]
[BlackTeam "Ladenburg II"]
[WhiteTeamCountry "GER"]
[BlackTeamCountry "GER"]

1. e4 d5 2. exd5 Qxd5 3. Nc3 Qa5 4. Bc4 Nf6 5. d3 Nc6 6. Nge2 a6 7. 0-0 Bg4 8. a3 e6 9. f3 Qc5+ 10. Kh1 Bf5 11. b4 Qd6 12. Ng3 Bg6 13. f4 Nd4 14. Nce2 Nf5 15. Nxf5 Bxf5 16. Ng3 Be7 17. Bb2 0-0 18. Nxf5 exf5 19. Qf3 c6 20. Rfe1 Rae8 21. h3 Nd7 22. Be5 Qg6 23. c3 Kh8 24. a4 Bh4 25. Re3 f6 26. Bd4 Rxe3 27. Bxe3 Qg3 28. Rf1 Re8 29. Qxg3 Bxg3 30. Rf3 Be1 31. Bd4 Bd2 32. Kg1 g6 33. Kf1 Kg7 34. Rf2 Re1# 0-1

[Event "Verbandsliga Nord Baden 0708"]
[Site "Germany"]
[Date "2007.10.14"]
[Round "1.3"]
[White "Inhoven, Stefan"]
[Black "Bloessl, Walter"]
[Result "1/2-1/2"]
[WhiteElo "2157"]
[BlackElo "2208"]
[PlyCount "31"]
[EventDate "2007.10.14"]
[EventType "team"]
[EventRounds "9"]
[EventCountry "GER"]
[SourceTitle "EXT 2009"]
[Source "ChessBase"]
[SourceDate "2008.11.26"]
[SourceVersion "1"]
[SourceVersionDate "2008.11.26"]
[SourceQuality "1"]
[WhiteTeam "Ladenburg II"]
[BlackTeam "Ladenburg"]
[WhiteTeamCountry "GER"]
[BlackTeamCountry "GER"]

1. Nf3 Nf6 2. d4 g6 3. Nc3 Bg7 4. e4 d6 5. h3 a6 6. a4 b6 7. Bc4 e6 8. 0-0 0-0 9. e5 dxe5 10. Nxe5 Bb7 11. Bg5 Qd6 12. Re1 Nbd7 13. Bf4 Nxe5 14. Bxe5 Qc6 15. Bf1 Rad8 16. Qd2 1/2-1/2

[Event "Baden-ch"]
[Site "Ottenau"]
[Date "2005.03.30"]
[Round "8"]
[White "Inhoven, Stefan"]
[Black "Mueller, Rudolf"]
[Result "0-1"]
[WhiteElo "2211"]
[BlackElo "2261"]
[PlyCount "38"]
[EventDate "2005.03.25"]
[EventType "swiss"]
[EventRounds "11"]
[EventCountry "GER"]
[SourceTitle "CBM 105 Extra"]
[Source "ChessBase"]
[SourceDate "2005.05.01"]
[SourceVersion "1"]
[SourceVersionDate "2005.05.01"]
[SourceQuality "1"]

1. e4 e5 2. f4 Bc5 3. Qh5 Nc6 4. fxe5 d6 5. Bb5 Nh6 6. h3 Bd7 7. Bxc6 Bxc6 8. d3 d5 9. Bxh6 gxh6 10. e6 0-0 11. e5 fxe6 12. Nf3 Be3 13. d4 Qe7 14. c3 Rf5 15. Qg4+ Kh8 16. Ke2 Rg8 17. Qxg8+ Kxg8 18. Kxe3 Qg7 19. g3 Qxg3 0-1